000 00359pab a2200157 454500
008 180718b1998 xxu||||| |||| 00| 0 eng d
100 _aRasha, Padam
245 _aThe dharma of policemen
260 _c1998
300 _ap.24-26
362 _aJan-Jun
650 _aPolice - India
650 _aPolice
773 _aIndian Police Journal
909 _a37457
999 _c37457
_d37457